| 000 | 00974nam a22003137a 4500 | ||
|---|---|---|---|
| 001 | BR8002533 | ||
| 003 | BR-BrBNA | ||
| 005 | 20230928090602.0 | ||
| 007 | ta | ||
| 008 | 230509b bl.||||| |||| 00| 0 por d | ||
| 040 |
_aBR-BrBNA _bpor _cBiblioteca Nacional de Agricultura |
||
| 041 | _a(Por) | ||
| 072 |
_aE70; F00; L00 _b/G514 |
||
| 090 | _ E70 BR8002533 | ||
| 110 | 1 |
_aDelegacia Federal de Agricultura de Pernambuco, Recife (Brasil) _93056 |
|
| 245 | 1 |
_aInformacoes sobre as principais exploracoes agropecuarias nos setores da producao, defesa sanitaria e abastecimento [Pernambuco; Brasil] _bRelatorio Bimensal |
|
| 260 | 3 |
_aRecife, PE (Brasil): _c1980. |
|
| 300 | _a40 p. | ||
| 500 | _a20 tables | ||
| 650 | _aComercializacao | ||
| 650 | _aProducao vegetal | ||
| 650 | _aProducao animal | ||
| 650 | _aAbastecimento | ||
| 650 | _aPreco | ||
| 650 | _aInspecao sanitaria | ||
| 650 | _aPernambuco | ||
| 909 |
_a202309 _bLucia _c55 _dLucia Elande |
||
| 942 | _cBK | ||
| 999 |
_c29491 _d29491 |
||